Svieži jubilant so zdravými koreňmi V Seredskom cukrovare, a.s., Sereď sa história snúbi s budúcnosťou

Podrobná bibliografia
Hlavný autor: Strašiftáková, Alica (Autor)
Médium: Článok
Jazyk:slovenčina
PhysicalDescription:Fotogr. 2
Predmet:

MARC

LEADER 00000nab a2200000 a 4500
001 vtls000639040
003 SK-MaSNL
005 20260302184444.0
008 160401c1997 xo 0 slo
015 |a SNBRB19rr/mm-uuuuu 
035 |a CL0639179 
040 |a SNKBUCL  |b slo  |c SNKBUCL  |e AACR2 
041 0 |a slo 
044 |a xo  |c SK 
080 |a 664.12:061.5(437.6)  |2 1981 
100 1 |a Strašiftáková, Alica  |4 aut  |9 899641 
245 1 0 |a Svieži jubilant so zdravými koreňmi  |b V Seredskom cukrovare, a.s., Sereď sa história snúbi s budúcnosťou  |c Alica Strašiftáková 
300 |b Fotogr. 2 
650 0 7 |a Seredský cukrovar, a.s.  |2 snkbucl  |9 899642 
651 7 |a 5203  |2 snkbucl  |9 380309 
655 7 |a články z novín a časopisov  |2 snkbucl  |9 267496 
773 0 |t Roľnícke noviny  |g Č. 238 (16. 10. 1997), s. 3 
850 |a Slovenská národná knižnica v Martine  |a MTA001 
852 |a SNK  |b KIS3GCP 
958 |a SK 
958 |a RK 
958 |a RBX 
999 |c 1425513  |d 1427443